Head First Networking (Record no. 52705)

MARC details
000 -LEADER
fixed length control field 00463nam a2200169Ia 4500
008 - FIXED-LENGTH DATA ELEMENTS--GENERAL INFORMATION
fixed length control field 220530s9999 xx 000 0 und d
020 ## - INTERNATIONAL STANDARD BOOK NUMBER
International Standard Book Number 9788184047301
041 ## - LANGUAGE CODE
Language code of text/sound track or separate title eng
082 ## - DEWEY DECIMAL CLASSIFICATION NUMBER
Classification number 5.754
Item number AND
100 ## - MAIN ENTRY--PERSONAL NAME
Personal name Anderson, Al
9 (RLIN) 58607
245 ## - TITLE STATEMENT
Title Head First Networking
250 ## - EDITION STATEMENT
Edition statement 1st Edition
260 ## - PUBLICATION, DISTRIBUTION, ETC. (IMPRINT)
Place of publication, distribution, etc. Mumbai
Name of publisher, distributor, etc. Shroff Pubishers and Distributors Pvt Ltd
Date of publication, distribution, etc. 2009
300 ## - PHYSICAL DESCRIPTION
Extent XXXVI; 500 P.
Other physical details PB
700 ## - ADDED ENTRY--PERSONAL NAME
Personal name Benedetti, Ryan
9 (RLIN) 58608
906 ## - LOCAL DATA ELEMENT F, LDF (RLIN)
a 156.25
b COMP
Holdings
Withdrawn status Lost status Damaged status Not for loan Collection code Home library Current library Date acquired Vendor Cost, normal purchase price Full call number Barcode Date last seen Cost, replacement price Bill Date Koha item type Original Barcode
        Computer Engineering Cummins College of Engineering for Women Nagpur Cummins College of Engineering for Women Nagpur 23/05/2016 Allied Publisher Pvt. Ltd. 625.00 005.754/AND CEWN-BK-7872 30/05/2022 468.75 30/05/2022 Books 007872